000 01876nam0a2200361 4500
001 RU\NLR\bibl\809172
005 20250614132253.0
010 _a5-85009-951-4
_bв обл.
021 _aRU
_b2005-6398
_9327
035 _aRSL-KNO-002568884
035 _a(NLR Aleph) 000798257
090 _a1164809
_c1164809
100 _a20050216d2005 |||y0rusy50 ca
101 0 _arus
102 _aRU
105 _ay |||||||||
106 _ar
200 1 _aМуниципальная система физической культуры школьников: организационно-педагогические условия формирования
_fС. С. Филиппов, В. В. Жгутова
210 _aМосква
_cСоветский спорт
_d2005
_gПИК ВИНИТИ
215 _a183 с.
_d22
320 _aБиблиогр.: с. 173-183 (209 назв.)
606 1 _aФизическая культура и спорт
_xВнеклассная работа
_xСредняя школа
_91928489
_3RU\NLR\auth\661168844
610 0 _aКультура. Наука. Просвещение -- Народное образование. Педагогические науки -- Общеобразовательная школа. Школьная педагогика -- Школьная педагогика -- Российская Федерация -- Воспитание -- Виды воспитания -- Физическое воспитание
686 _aЧ421,6(2)354,0
_2rubbk
686 _aЧ426.73-38
700 1 _aФилиппов
_bС. С.
_gСергей Сергеевич
_4070
701 1 _aЖгутова
_bВ. В.
_gВалентина Владимировна
_4070
801 0 _aRU
_bRuMoRKP
_c20050216
_grcr
801 1 _aRU
_bRuMoRGB
_c20050216
801 2 _aRU
_bNLR
_c20050614
_gPSBO
942 _cBOOK
980 _aNB